Quiz La La Land (Difficile) - Statistiques

Statistiques générales
  • Ce quiz a été pris 29 fois
    12 depuis la dernière actualisation
  • Le résultat moyen est 22 sur 46
Statistiques - réponses
Question Réponse % Correct
En partant en soirée, de quelle couleur est la robe de Mia ? bleue
83%
Comment Sebastian veut appeler son Jazz club ? Chicken on a stick
83%
Comment Mia lui propose de l'appeler ? Seb's
83%
En quelle année le film est-il sorti ? 2016
67%
Mia fait référence à un film supposément tourné devant son lieu de travail, lequel ? Casablanca
67%
Qui est le réalisateur de La La Land ? Damien Chazelle
67%
Qui interprète Mia ? Emma Stone
67%
Comment s'appelle le copain de Mia ? Greg
67%
Qui interprète l'ancien "ami" de Seb ensuite devenu collègue ? John Legend
67%
Pendant "A lovely night", Mia a un sac, de quelle couleur est-il ? Rouge
67%
Qui interprète Sebastian ? Ryan Gosling
67%
A qui Sebastian dit-il "Why do you say romantic like it's a dirty word" ? sa Soeur
67%
Lors de la séquence du planétarium, de quelle couleur est la robe de Mia ? Verte
67%
Combien de personnes sont venues à sa représentation ? 12
50%
Après cette séquence, on retrouve Mia sortant d'une voiture. Combien de temps a séparé ces deux séquences ? 5 ans
50%
Combien d'Oscars La La Land a-t-il remporté ? 6
50%
Quel est le nom de famille de Mia ? Dolan
50%
Après son audition, Mia et Seb sont dans un parc, quel est son nom ? Griffith Park
50%
Qui est l'actrice sur le mur de Mia ? Ingrid Bergman
50%
Quelle est la première musique que joue Sebastian au restaurant ? Jingle Bells
50%
Qui est le compositeur des musiques du film ? Justin Hurwitz
50%
En VO, Mia bute sur un mot en répétant son texte dans sa voiture : "It was pure __" lunacy
50%
Et celle du smoking de Sebastian ? Marron
50%
Dans quelle ville sera tourné le film pour lequel Mia passe un dernier casting ? Paris
50%
Sebastian veut emmener Mia voir un film au cinéma, quel est le titre de ce film en anglais ? Rebel without a cause
50%
Dans quel cinéma l'emmène-t-il ? Rialto
50%
Quel lieu admiré par Sebastian a été transformé en samba-tapas ? Van Beek
50%
A quelle heure Seb donne-t-il rendez-vous à Mia pour la ramener à Los Angeles ? 8 heures
33%
Pendant sa tournée, Seb propose à Mia de venir le voir mais dans quelle ville ? Boise
33%
Comment s'appelle la ville dans laquelle habitent les parents de Mia ? Boulder City
33%
Dans son rêve, Mia imagine Seb jouer dans un mythique Jazz Club parisien, comment s'appelle-t-il ? Caveau de la Huchette
33%
En VO, Mia dit "I am always gonna love you", quelle est la réponse de Seb ? I am always gonna love you too
33%
Pendant que Mia est rentrée au Nevada, Seb joue du piano pour un évènement, lequel ? Mariage
33%
Lorsque le photographe demande à Seb de jouer un morceau au piano, que joue-t-il ? Mia and Sebastian's Theme
33%
Pendant la "pool party", Mia veut emprunter les habits de Sebastian pour jouer un rôle, lequel ? Pompier
33%
Comment s'appelle la pièce que joue Mia ? So Long Boulder City
33%
Sebastian introduit le jazz à Mia dans un bar, quel est son nom ? The Lighthouse
33%
Quel est le nom du groupe dans lequel jouent Seb et son ancien ami ? the Messengers
33%
De quelle couleur est la robe de Mia lorsqu'ils chantent "City of Stars" devant le piano ? Violette
33%
Mia travaille dans un café dans des grands studios hollywoodiens, lesquels ? Warner Bros
33%
Mia écrit un one woman show, comment s'appelle le personnage de sa pièce ? Genevieve
17%
Quel est le nom de l'ancien "ami" de Seb qui lui propose un travail ? Keith
17%
Quelle est la toute première chose montrée dans le film ? le ciel
17%
Quelle est la dernière réplique du film (en VO) ? One Two One Two Three Four
17%
Le décor de ce lieu est une référence à un film. Lequel (en anglais) ? Singin' in the rain
17%
Qu'est ce qui les empêche de s'embrasser à la fin de cette séquence ? sonnerie de téléphone
17%
Aucun quiz correspondant
Distribution des résultats
% des personnes avec chaque résultat
Percentile par nombre de réponses
Votre historique - résultats
Vous n’avez pas pris ce quiz depuis la dernière actualisation